Statistiche per Quiz sulla Germania

Clicka qui per fare il quiz!

Statistiche generali

  • Questo quiz è stato fatto 3.894 volte
  • Il punteggio medio è 12 su 20

Statistiche sulle risposte

DomandaRisposta% Corretto
CapitaleBerlino
100%
Animale che figura sullo
stemma
Aquila
78%
Festa della birra di MonacoOktoberfest
74%
Nome della Serie A tedescaBundesliga
73%
Fiumi più lunghi che bagnano la GermaniaDanubio
73%
Capitale economicaFrancoforte
72%
Monaco è la capitale dellaBaviera
71%
Fiumi più lunghi che bagnano la GermaniaReno
70%
Parola tedesca per salsicciaWurst
69%
Equivalente tedesco del Primo MinistroCancelliere
67%
Nome tedesco della GermaniaDeutschland
66%
Fratelli autori di numerose fiabe per bambiniGrimm
66%
Valuta precedenteMarco tedesco
59%
Compagnia aerea nazionaleLufthansa
54%
Comunità straniera più numerosaTurca
53%
Capitale della Germania dell'Ovest,
1949 - 1990
Bonn
51%
Paese tedesco governato da
Federico il Grande
Prussia
45%
Nome del parlamento tedescoBundestag
30%
Fiumi più lunghi che bagnano la GermaniaElba
25%
Tronco addobbato che si espone in molte città tedesche
per la festa del primo di maggio
Maibaum
7%

Distribuzione punteggi

Percentile per numero di risposta

Percentuale di utenti per punteggio

I tuoi punteggi nel tempo

Non hai fatto questo quiz